La secularización de las doctrinas de indios en la Nueva España : (Record no. 190822)

MARC details
000 -CABECERA
campo de control de longitud fija 01041nam a2200277 a 4500
005 - FECHA Y HORA DE LA ÚLTIMA TRANSACCIÓN
campo de control 20231124063623.0
008 - ELEMENTOS DE LONGITUD FIJA--INFORMACIÓN GENERAL
campo de control de longitud fija 170614s2010 mx r 000 0 spa d
020 ## - NÚMERO INTERNACIONAL NORMALIZADO PARA LIBROS
Número Internacional Estándar del Libro 9786070214417 (UNAM
020 ## - NÚMERO INTERNACIONAL NORMALIZADO PARA LIBROS
Número Internacional Estándar del Libro 9786077588306 (Bonilla Artigas)
035 ## - NÚMERO DE CONTROL DEL SISTEMA
Número de control de sistema UPN01000218722
049 ## - COLECCIÓN
Colección CG
050 #4 - SIGNATURA TOPOGRÁFICA DE LA BIBLIOTECA DEL CONGRESO
Número de clasificación BX1428.2
Número de documento/Ítem M4.7
100 1# - ASIENTO PRINCIPAL--NOMBRE PERSONAL
Nombre de persona Menegus, Margarita
9 (RLIN) 40521
245 13 - MENCIÓN DE TÍTULO
Título La secularización de las doctrinas de indios en la Nueva España :
Resto del título la pugna entre las dos iglesias /
Mención de responsabilidad, etc. Margarita Menegus, Francisco Morales, Oscar Mazín.
260 ## - PUBLICACIÓN, DISTRIBUCIÓN, ETC.
Lugar de publicación, distribución, etc. México :
Nombre del editor, distribuidor, etc. Bonilla Artigas :
-- UNAM,
Fecha de publicación, distribución, etc. 2010.
300 ## - DESCRIPCIÓN FÍSICA
Extensión 211 p.
440 #0 - MENCIÓN DE SERIE/ASIENTO SECUNDARIO--TÍTULO
Título Historia de la educación IISUE
610 24 - ASIENTO SECUNDARIO DE MATERIA - NOMBRE CORPORATIVO
Nombre de entidad corporativa o nombre de jurisdicción como elemento de entrada IGLESIA CATOLICA -
Subdivisión geográfica MEXICO -
Subdivisión general HISTORIA -
Subdivisión cronológica SIGLO XVI
9 (RLIN) 25927
650 #4 - ASIENTO SECUNDARIO DE MATERIA - TERMINO TEMATICO
Término de materia o nombre geográfico como elemento de entrada Indígenas de México
Subdivisión general Religión y mitología
9 (RLIN) 5903
610 24 - ASIENTO SECUNDARIO DE MATERIA - NOMBRE CORPORATIVO
Nombre de entidad corporativa o nombre de jurisdicción como elemento de entrada IGLESIA CATOLICA -
Subdivisión general MISIONES -
Subdivisión geográfica MEXICO
9 (RLIN) 6089
650 #4 - ASIENTO SECUNDARIO DE MATERIA - TERMINO TEMATICO
Término de materia o nombre geográfico como elemento de entrada SECULARISMO -
Subdivisión geográfica MEXICO -
Subdivisión general HISTORIA
9 (RLIN) 21289
700 1# - ASIENTO SECUNDARIO--NOMBRE DE PERSONAL
Nombre de persona Morales, Francisco,
Término indicativo de función/relación coaut.
700 1# - ASIENTO SECUNDARIO--NOMBRE DE PERSONAL
Nombre de persona Mazín, Oscar,
Término indicativo de función/relación coaut.
905 ## - TIPO DE MATERIAL
Tipo de material Libro
Holdings
Estado de retiro Estado de pérdida Fuente del sistema de clasificación o colocación Estado dañado No para préstamo Código de colección Localización permanente Ubicación/localización actual Ubicación en estantería Total de préstamos Clasificación Código de barras Fecha visto por última vez Número de copia Tipo de ítem Koha
    Library of Congress Classification     Colección General Bib. Gregorio Torres Quintero Bib. Gregorio Torres Quintero Planta baja   BX1428.2 M4.7 318489 31/12/2020 1 Libro
    Library of Congress Classification     Colección General Bib. Gregorio Torres Quintero Bib. Gregorio Torres Quintero Planta baja 2 BX1428.2 M4.7 318490 31/12/2020 1 Libro